[Event "Cappelle Online Blitz op"]
[Site "Europe Echecs INT"]
[Date "2022.01.09"]
[Round "2"]
[White "Schaub, Marc"]
[Black "Di Nicolantonio, Lucas"]
[Result "0-1"]
[WhiteElo "1949"]
[BlackElo "2416"]
[PlyCount "76"]
[EventDate "2022.01.09"]
[EventType "swiss (blitz)"]
[EventRounds "11"]
[EventCountry "FRA"]
[SourceTitle "EXT 2023"]
[Source "ChessBase"]
[SourceDate "2022.10.05"]
[SourceVersion "1"]
[SourceVersionDate "2022.10.05"]
[SourceQuality "1"]

1. e4 g6 2. d4 Bg7 3. Nc3 d6 4. Be3 a6 5. Qd2 b5 6. Bd3 Nd7 7. Nf3 Bb7 8. a4 b4 9. Ne2 c5 10. c3 bxc3 11. bxc3 Qc7 12. 0-0 Ngf6 13. Ng3 h5 14. Bg5 0-0 15. Rab1 Rab8 16. h4 Rfe8 17. Qa2 e6 18. Bf4 Ng4 19. Rfc1 Bf6 20. Ng5 Kg7 21. Be2 Re7 22. Bxg4 hxg4 23. Qe2 e5 24. dxe5 Nxe5 25. Bxe5 Rxe5 26. Qxg4 Bc8 27. Qe2 Rxb1 28. Rxb1 Bxg5 29. hxg5 Rxg5 30. Qe3 Qe7 31. f4 Rg4 32. Kf2 Qh4 33. Rh1 Rxf4+ 34. Kg1 Qg4 35. Ne2 Rxe4 36. Qh6+ Kf6 37. Qh8+ Ke7 38. Kf1 Qxe2+ 0-1

[Event "Cappelle Online Blitz op"]
[Site "Europe Echecs INT"]
[Date "2021.03.07"]
[Round "11"]
[White "Ermeni, Avni"]
[Black "Schaub, Marc"]
[Result "1-0"]
[WhiteElo "2150"]
[BlackElo "1959"]
[PlyCount "39"]
[EventDate "2021.03.07"]
[EventType "swiss (blitz)"]
[EventRounds "11"]
[EventCountry "FRA"]
[SourceTitle "CBM 201 Extra"]
[Source "ChessBase"]
[SourceDate "2021.05.31"]
[SourceVersion "1"]
[SourceVersionDate "2021.05.31"]
[SourceQuality "1"]

1. e4 e5 2. Nf3 Nc6 3. Bc4 Bc5 4. c3 Nf6 5. d3 0-0 6. Bb3 a6 7. h3 d6 8. Bg5 Be6 9. Nbd2 b5 10. Nf1 h6 11. Bh4 g5 12. Nxg5 Nxe4 13. Nf3 Nf6 14. Ng3 Bxb3 15. axb3 d5 16. Nf5 e4 17. Nh2 Kh7 18. Ng4 Nxg4 19. Bxd8 Bxf2+ 20. Kf1 1-0

[Event "Cappelle Online Blitz op"]
[Site "Europe Echecs INT"]
[Date "2021.03.07"]
[Round "4"]
[White "Schaub, Marc"]
[Black "Nandhidhaa, PV."]
[Result "0-1"]
[WhiteElo "1959"]
[BlackElo "2365"]
[PlyCount "52"]
[EventDate "2021.03.07"]
[EventType "swiss (blitz)"]
[EventRounds "11"]
[EventCountry "FRA"]
[SourceTitle "CBM 201 Extra"]
[Source "ChessBase"]
[SourceDate "2021.05.31"]
[SourceVersion "1"]
[SourceVersionDate "2021.05.31"]
[SourceQuality "1"]

1. e4 c5 2. Nf3 Nc6 3. c3 e6 4. d4 cxd4 5. cxd4 Nf6 6. Nc3 d6 7. Be3 Be7 8. h3 0-0 9. Bd3 b6 10. 0-0 Bb7 11. a3 Rc8 12. Rc1 Na5 13. b4 Nc4 14. Bg5 Nb2 15. Qe2 Nxd3 16. Qxd3 h6 17. Be3 Qd7 18. Rc2 Rc7 19. Rfc1 Rfc8 20. Nd2 a6 21. f3 b5 22. Nb3 e5 23. d5 Nh5 24. Bb6 Nf4 25. Qe3 Bg5 26. Qf2 Nd3 0-1

[Event "Ville d'Orsay online Blitz"]
[Site "Europe Echecs INT"]
[Date "2021.02.07"]
[Round "9"]
[White "Rohrer, Christophe"]
[Black "Schaub, Marc"]
[Result "0-1"]
[WhiteElo "2230"]
[BlackElo "1959"]
[PlyCount "88"]
[EventDate "2021.02.07"]
[EventType "swiss (blitz)"]
[EventRounds "11"]
[EventCountry "FRA"]
[SourceTitle "CBM 200 Extra"]
[Source "ChessBase"]
[SourceDate "2021.03.31"]
[SourceVersion "1"]
[SourceVersionDate "2021.03.31"]
[SourceQuality "1"]

1. e4 e5 2. Nf3 Nc6 3. Bb5 Nge7 4. 0-0 g6 5. c3 Bg7 6. d4 exd4 7. cxd4 d5 8. e5 Bg4 9. Be3 f6 10. exf6 Bxf6 11. Nbd2 0-0 12. h3 Bf5 13. Bh6 Re8 14. Nb3 a6 15. Be2 Be4 16. Ng5 Bf5 17. g4 Bc8 18. Rc1 Nf5 19. Nf7 Qe7 20. gxf5 Qxe2 21. Qxe2 Rxe2 22. fxg6 hxg6 23. Ne5 Nxd4 24. Nxd4 Rxe5 25. Rxc7 Bxh3 26. Rfc1 Re4 27. Nf3 Rg4+ 28. Kh2 Bg2 29. Ne1 Be5+ 30. f4 Bxc7 31. Rxc7 Be4 32. Bg5 Re8 33. Kh3 Bf5 34. Nf3 Rxf4+ 35. Kg3 Rg4+ 36. Kf2 Be4 37. Nd4 Rxg5 38. Rxb7 Rf8+ 39. Ke3 Rg3+ 40. Ke2 Bd3+ 41. Kd2 Bb5 42. Nxb5 Rf2+ 43. Ke1 Rxb2 44. Nd6 Rg1# 0-1

[Event "Ville d'Orsay online Blitz"]
[Site "Europe Echecs INT"]
[Date "2021.02.07"]
[Round "10"]
[White "Schaub, Marc"]
[Black "Efimov, Igor"]
[Result "1-0"]
[WhiteElo "1959"]
[BlackElo "2416"]
[PlyCount "59"]
[EventDate "2021.02.07"]
[EventType "swiss (blitz)"]
[EventRounds "11"]
[EventCountry "FRA"]
[SourceTitle "CBM 200 Extra"]
[Source "ChessBase"]
[SourceDate "2021.03.31"]
[SourceVersion "1"]
[SourceVersionDate "2021.03.31"]
[SourceQuality "1"]

1. e4 c5 2. Nf3 Nc6 3. c3 e6 4. d4 d5 5. e5 Bd7 6. a3 a5 7. Bd3 Qb6 8. 0-0 cxd4 9. cxd4 Nxd4 10. Nxd4 Qxd4 11. Nc3 Qxe5 12. Re1 Qd6 13. Nb5 Qb8 14. Qf3 Bc6 15. Bf4 Qc8 16. Nc7+ Ke7 17. Nxa8 Qxa8 18. Qg3 Nf6 19. b4 Qd8 20. Bc7 Qd7 21. Bxa5 Ne8 22. b5 Bxb5 23. Bb4+ Nd6 24. Bxb5 Qxb5 25. Qxd6+ Kf6 26. Qe5+ Kg6 27. Bxf8 Rxf8 28. Re3 f6 29. Rg3+ Kf7 30. Qc7+ 1-0

[Event "Ville d'Orsay online Blitz"]
[Site "Europe Echecs INT"]
[Date "2021.02.07"]
[Round "11"]
[White "Vlachos, Anatole"]
[Black "Schaub, Marc"]
[Result "0-1"]
[WhiteElo "2406"]
[BlackElo "1959"]
[PlyCount "70"]
[EventDate "2021.02.07"]
[EventType "swiss (blitz)"]
[EventRounds "11"]
[EventCountry "FRA"]
[SourceTitle "CBM 200 Extra"]
[Source "ChessBase"]
[SourceDate "2021.03.31"]
[SourceVersion "1"]
[SourceVersionDate "2021.03.31"]
[SourceQuality "1"]

1. e4 e5 2. Nf3 Nc6 3. Bb5 Nge7 4. 0-0 g6 5. d4 exd4 6. c3 Bg7 7. cxd4 d5 8. exd5 Nxd5 9. Re1+ Be6 10. Ng5 0-0 11. Bxc6 bxc6 12. Nc3 c5 13. Nxd5 Bxd5 14. dxc5 Re8 15. Rxe8+ Qxe8 16. Be3 Bxb2 17. Rb1 Qe5 18. h4 Bxa2 19. Nf3 Qf6 20. Bg5 Qc3 21. Bd2 Qf6 22. Bg5 Qc3 23. Rxb2 Qxb2 24. Qd7 Be6 25. Qxc7 Qb1+ 26. Kh2 Qb8 27. Bf4 Qxc7 28. Bxc7 a5 29. c6 a4 30. Be5 a3 31. c7 a2 32. Ng5 Bc8 33. Ba1 Ra7 34. Ne4 Rxc7 35. Nf6+ Kf8 0-1

[Event "Europe Echecs Blitz Nov op"]
[Site "Europe Echecs INT"]
[Date "2020.11.08"]
[Round "11"]
[White "Brunner, Nicolas"]
[Black "Schaub, Marc"]
[Result "0-1"]
[WhiteElo "2418"]
[BlackElo "1959"]
[PlyCount "98"]
[EventDate "2020.11.08"]
[EventType "swiss (blitz)"]
[EventRounds "11"]
[EventCountry "FRA"]
[SourceTitle "CBM 199 Extra"]
[Source "ChessBase"]
[SourceDate "2021.01.31"]
[SourceVersion "1"]
[SourceVersionDate "2021.01.31"]
[SourceQuality "1"]

1. d4 d5 2. c4 c6 3. Nf3 Nf6 4. Nc3 e6 5. e3 Nbd7 6. Qc2 Bd6 7. Bd3 0-0 8. 0-0 dxc4 9. Bxc4 b6 10. Rd1 Bb7 11. e4 b5 12. Be2 b4 13. e5 bxc3 14. exd6 cxb2 15. Bxb2 Nd5 16. Ne5 N7f6 17. Ba3 Nd7 18. Nxc6 Bxc6 19. Qxc6 Rc8 20. Qa6 Nc3 21. Rdc1 Nb8 22. Qd3 Qa5 23. Bc5 Nxe2+ 24. Qxe2 Nd7 25. Qc4 h6 26. Rab1 Rfd8 27. Qb4 Qxa2 28. Ra1 Qd5 29. Bxa7 Rxc1+ 30. Rxc1 Nf6 31. Bb8 Qg5 32. Rb1 Ne4 33. Bc7 Rd7 34. Qa4 Nf6 35. Rb8+ Kh7 36. Qc2+ g6 37. h3 Qf4 38. Qc5 Ne4 39. Qe5 Qxf2+ 40. Kh2 Nf6 41. Rb3 Qc2 42. Rf3 Ne4 43. Rf4 Nc3 44. Qf6 Nd5 45. Qxf7+ Rxf7 46. Rxf7+ Kg8 47. Rd7 g5 48. Rd8+ Kf7 49. Bb8 Nf4 0-1